[Event "IECC CL1-2002.17"]
[Site "IECC email"]
[Date "2002.09.21"]
[Round "?"]
[White "Szava, Miklos"]
[Black "Beninsky, Svejen"]
[Result "1/2-1/2"]
[WhiteElo "2243"]
[BlackElo "2143"]
[PlyCount "105"]
[EventDate "2002.??.??"]
[EventType "tourn (corr)"]
[EventRounds "4"]
[SourceTitle "Corr 2008"]
[Source "ChessBase"]
[SourceDate "2008.06.24"]
[SourceVersion "1"]
[SourceVersionDate "2008.06.24"]
[SourceQuality "1"]

1. e4 c5 2. d4 cxd4 3. c3 dxc3 4. Nxc3 Nc6 5. Nf3 e6 6. Bc4 d6 7. 0-0 Nf6 8. Qe2 Be7 9. Rd1 e5 10. h3 0-0 11. Be3 Be6 12. Rac1 Rc8 13. Bxe6 fxe6 14. b4 a6 15. b5 axb5 16. Qxb5 Qd7 17. Rb1 Nd8 18. Qb3 Nf7 19. h4 Bd8 20. Bg5 Ba5 21. Rbc1 Rxc3 22. Rxc3 Bxc3 23. Bxf6 gxf6 24. Qxc3 Qa4 25. Rb1 Qxe4 26. Rb4 Qc6 27. Rc4 Qd7 28. Rc7 Qa4 29. Rxb7 Qxa2 30. Nh2 f5 31. Nf1 f4 32. Re7 Nh6 33. Qc7 Nf5 34. Rxh7 Qe2 35. f3 Qb5 36. Nd2 Qb8 37. Qd7 Qe8 38. Ne4 Qxd7 39. Rxd7 d5 40. Nc5 Ra8 41. Nxe6 d4 42. Kh2 Ra6 43. Rd8+ Kf7 44. Ng5+ Kg7 45. Kh3 Rh6 46. h5 Ne3 47. g4 fxg3 48. Kxg3 Rxh5 49. f4 Kf6 50. Nf3 Nf5+ 51. Kf2 exf4 52. Nxd4 Nxd4 53. Rxd4 1/2-1/2

[Event "SEMI A031 email"]
[Site "SEMI email"]
[Date "2002.04.20"]
[Round "?"]
[White "Beninsky, Svejen"]
[Black "Bascetta, Biagio J"]
[Result "1-0"]
[WhiteElo "1944"]
[BlackElo "2327"]
[PlyCount "71"]
[EventDate "2002.04.20"]
[EventType "tourn (corr)"]
[EventRounds "5"]
[EventCountry "ITA"]
[SourceTitle "Telechess CBM 097"]
[Source "ChessBase"]
[SourceDate "2003.11.11"]
[SourceVersion "1"]
[SourceVersionDate "2003.11.11"]
[SourceQuality "1"]

1. d4 Nf6 2. Nf3 e6 3. c4 b6 4. a3 Ba6 5. Qc2 Bb7 6. Nc3 c5 7. e4 cxd4 8. Nxd4 d6 9. Be2 Be7 10. 0-0 a6 11. Be3 Nbd7 12. f4 g6 13. Bf3 Qc7 14. Rac1 e5 15. Nde2 Qxc4 16. Qd1 Nc5 17. fxe5 dxe5 18. Nd5 Bxd5 19. Rxc4 Bxc4 20. Bh6 Nfd7 21. b4 Ne6 22. Qc1 b5 23. Rd1 a5 24. bxa5 Ndc5 25. Nc3 Nb3 26. Qb2 Rxa5 27. Nd5 Bc5+ 28. Kh1 Bd4 29. Qc2 Rxa3 30. Be2 Ra1 31. Rxa1 Nxa1 32. Qd2 Kd7 33. Bxc4 bxc4 34. Qb4 Kc6 35. Qxc4+ Nc5 36. Ne7+ 1-0

[Event "IECC CL2-2002.08"]
[Site "IECC email"]
[Date "2002.03.14"]
[Round "?"]
[White "Beninsky, Svejen"]
[Black "Monasterio, Manuel Gerardo"]
[Result "1/2-1/2"]
[WhiteElo "2107"]
[BlackElo "2102"]
[PlyCount "82"]
[EventDate "2002.??.??"]
[EventType "tourn (corr)"]
[EventRounds "4"]
[SourceTitle "Corr 2008"]
[Source "ChessBase"]
[SourceDate "2008.06.24"]
[SourceVersion "1"]
[SourceVersionDate "2008.06.24"]
[SourceQuality "1"]

1. d4 d5 2. c4 c6 3. Nf3 e6 4. Nc3 dxc4 5. a4 Bb4 6. e3 b5 7. Bd2 a5 8. axb5 Bxc3 9. Bxc3 cxb5 10. b3 Bb7 11. bxc4 b4 12. Bb2 Nf6 13. Bd3 Nbd7 14. 0-0 0-0 15. Re1 Re8 16. e4 e5 17. Qc2 Qc7 18. c5 exd4 19. Bxd4 h6 20. e5 Nd5 21. Bh7+ Kh8 22. Be4 Nf8 23. c6 Qxc6 24. Qxc6 Bxc6 25. Rac1 Bb7 26. Rc5 Ne6 27. Rxd5 Bxd5 28. Bxd5 Rad8 29. Bxe6 Rxe6 30. Rb1 Rc6 31. Kf1 Rb8 32. Ke2 a4 33. Nd2 Kh7 34. Kd3 b3 35. h3 Rb4 36. Bb2 Rc2 37. Bc3 Rb8 38. Ne4 Rc8 39. g3 Rc7 40. Bb2 R7c6 41. Bc3 Rc7 1/2-1/2

[Event "IECC CL2-2002.08"]
[Site "IECC email"]
[Date "2002.03.14"]
[Round "?"]
[White "Nagley, Tim"]
[Black "Beninsky, Svejen"]
[Result "0-1"]
[WhiteElo "2166"]
[BlackElo "2074"]
[PlyCount "96"]
[EventDate "2002.??.??"]
[EventType "tourn (corr)"]
[EventRounds "4"]
[SourceTitle "Corr 2008"]
[Source "ChessBase"]
[SourceDate "2008.06.24"]
[SourceVersion "1"]
[SourceVersionDate "2008.06.24"]
[SourceQuality "1"]

1. e4 c5 2. f4 Nc6 3. Nf3 e6 4. Nc3 d5 5. Bb5 Nge7 6. exd5 exd5 7. Qe2 Bg4 8. Bxc6+ bxc6 9. 0-0 Qb6 10. b3 Qb4 11. Bb2 f6 12. Rae1 0-0-0 13. Nd1 Kb8 14. Nf2 h5 15. h3 Bc8 16. Nd3 Qb6 17. b4 Nf5 18. bxc5 Bxc5+ 19. Kh2 Ka8 20. Rb1 Qa6 21. Bc3 Bb6 22. Rfe1 c5 23. Qf1 c4 24. Nb4 Qb7 25. a4 d4 26. Ba1 Qc7 27. a5 Bxa5 28. Re4 Bb6 29. Qe1 Bb7 30. h4 g6 31. Na2 Rhf8 32. Bb2 Qd6 33. d3 cxd3 34. cxd3 Bxe4 35. Qxe4+ Kb8 36. Nd2 Rfe8 37. Qf3 g5 38. hxg5 fxg5 39. Kg1 Qxf4 40. Bc1 Re1+ 41. Kf2 Rh1 42. Qxf4+ gxf4 43. Nc4 Kb7 44. Rb2 Ne3 45. Kf3 Rg8 46. Ke4 Nxg2 47. Nxb6 axb6 48. Rf2 h4 0-1

[Event "IECC CL2-2001.25"]
[Site "IECC email"]
[Date "2001.06.30"]
[Round "?"]
[White "Beninsky, Svejen"]
[Black "Kyciak, Bartosz"]
[Result "1-0"]
[WhiteElo "1984"]
[BlackElo "2123"]
[PlyCount "95"]
[EventDate "2001.??.??"]
[EventType "tourn (corr)"]
[EventRounds "4"]
[SourceTitle "Corr 2008"]
[Source "ChessBase"]
[SourceDate "2008.06.24"]
[SourceVersion "1"]
[SourceVersionDate "2008.06.24"]
[SourceQuality "1"]

1. e4 c5 2. Nf3 Nc6 3. d4 cxd4 4. Nxd4 Nf6 5. Nc3 e5 6. Ndb5 d6 7. Bg5 a6 8. Na3 b5 9. Bxf6 gxf6 10. Nd5 f5 11. exf5 Bxf5 12. c3 Bg7 13. Nc2 Be6 14. a4 0-0 15. axb5 axb5 16. Rxa8 Qxa8 17. Nce3 Nd4 18. Nc7 Qa2 19. Qc1 Qa5 20. Nxe6 fxe6 21. Bd3 d5 22. 0-0 Nc6 23. Qa1 Qb6 24. Qa2 Ne7 25. Qb3 e4 26. Bxb5 Rb8 27. c4 Nc6 28. Qa4 Nd4 29. Be8 Qd6 30. Bh5 Qe5 31. Bg4 h5 32. Bd1 Qg5 33. Qa2 Nf3+ 34. Bxf3 exf3 35. cxd5 Bd4 36. h4 Qg7 37. b4 Bxe3 38. fxe3 Qxg2+ 39. Qxg2+ fxg2 40. Rb1 exd5 41. b5 Rb6 42. Kxg2 Kf7 43. Kg3 Kg6 44. Kf4 Kf6 45. e4 dxe4 46. Kxe4 Ke6 47. Rb4 Kd6 48. Rd4+ 1-0

[Event "SEMI B016 email"]
[Site "SEMI email"]
[Date "2000.12.20"]
[Round "?"]
[White "Beninsky, Svejen"]
[Black "Campi, Matteo Davide"]
[Result "1-0"]
[WhiteElo "1790"]
[BlackElo "1541"]
[PlyCount "45"]
[EventDate "2000.12.20"]
[EventType "tourn (corr)"]
[EventRounds "6"]
[EventCountry "ITA"]
[SourceTitle "Corr 2004"]
[Source "ChessBase"]
[SourceDate "2003.04.28"]
[SourceVersion "3"]
[SourceVersionDate "2003.04.28"]
[SourceQuality "1"]

1. e4 Nc6 2. Nf3 f5 3. exf5 d5 4. Bb5 Bxf5 5. Ne5 Qd6 6. d4 Bd7 7. Bxc6 Bxc6 8. 0-0 g6 9. Bf4 Qb4 10. b3 Qb6 11. c4 Bg7 12. Nc3 0-0-0 13. Qg4+ Kb8 14. Nf7 Nf6 15. Qe6 Qxd4 16. Be5 Bd7 17. Qxe7 Rde8 18. Bxd4 Rxe7 19. Nxh8 Bxh8 20. Rad1 Be6 21. Rfe1 c6 22. cxd5 cxd5 23. Nxd5 1-0

[Event "IECC CL4-2000.40"]
[Site "IECC email"]
[Date "2000.10.29"]
[Round "?"]
[White "Van Rooijen, Peter"]
[Black "Beninsky, Svejen"]
[Result "0-1"]
[WhiteElo "1745"]
[BlackElo "1712"]
[PlyCount "36"]
[EventDate "2000.??.??"]
[EventType "tourn (corr)"]
[EventRounds "4"]
[SourceTitle "Corr 2008"]
[Source "ChessBase"]
[SourceDate "2008.06.24"]
[SourceVersion "1"]
[SourceVersionDate "2008.06.24"]
[SourceQuality "1"]

1. b4 e5 2. b5 d5 3. Bb2 Bd6 4. e3 Nf6 5. c4 0-0 6. cxd5 Nxd5 7. Nf3 e4 8. Nd4 c5 9. bxc6 Nxc6 10. Qb3 Bc7 11. Nxc6 bxc6 12. Qa4 Rb8 13. Bd4 c5 14. Bxc5 Be5 15. Bd4 Rb4 16. Qc6 Rxd4 17. exd4 Bxd4 18. Nc3 Nb4 0-1

[Event "SEMI A012 email"]
[Site "SEMI email"]
[Date "2000.09.10"]
[Round "?"]
[White "Meijer, Wilmar"]
[Black "Beninsky, Svejen"]
[Result "0-1"]
[WhiteElo "1999"]
[BlackElo "1800"]
[PlyCount "54"]
[EventDate "2000.09.10"]
[EventType "tourn (corr)"]
[EventRounds "6"]
[EventCountry "ITA"]
[SourceTitle "Corr 2004"]
[Source "ChessBase"]
[SourceDate "2003.04.28"]
[SourceVersion "3"]
[SourceVersionDate "2003.04.28"]
[SourceQuality "1"]

1. e4 e6 2. d4 d5 3. e5 c5 4. c3 Nc6 5. Nf3 Qb6 6. a3 Bd7 7. b4 cxd4 8. cxd4 Rc8 9. Bb2 Na5 10. Nbd2 Nc4 11. Nxc4 dxc4 12. Rc1 Qa6 13. d5 exd5 14. Qxd5 b5 15. Be2 Ne7 16. Qd2 Rd8 17. Rd1 Ng6 18. 0-0 Be7 19. Qe3 0-0 20. Bd4 Bc6 21. Ne1 f6 22. f4 fxe5 23. fxe5 Rxf1+ 24. Kxf1 Qc8 25. Nf3 a6 26. Bc3 Rf8 27. Kg1 Nf4 0-1

[Event "IECC KO email"]
[Site "IECC email"]
[Date "2000.05.29"]
[Round "?"]
[White "Beninsky, Svejen"]
[Black "Rosello, Joe"]
[Result "1-0"]
[WhiteElo "1671"]
[BlackElo "1755"]
[PlyCount "73"]
[EventDate "2000.??.??"]
[EventType "tourn (corr)"]
[EventRounds "6"]
[SourceTitle "Corr 2008"]
[Source "ChessBase"]
[SourceDate "2008.06.24"]
[SourceVersion "1"]
[SourceVersionDate "2008.06.24"]
[SourceQuality "1"]

1. e4 c5 2. Nf3 d6 3. d4 cxd4 4. Nxd4 Nf6 5. Nc3 g6 6. Be3 Bg7 7. f3 0-0 8. Qd2 Nc6 9. Bc4 Bd7 10. 0-0-0 Qa5 11. Bb3 Rfc8 12. h4 Ne5 13. Kb1 b5 14. Ncxb5 Qxd2 15. Rxd2 Rab8 16. Nc3 a5 17. a4 Nc4 18. Bxc4 Rxc4 19. Rd3 Rcb4 20. b3 Bxa4 21. g4 Nd7 22. Nd5 R4b7 23. Nxe7+ Kf8 24. Nec6 Bxc6 25. Nxc6 Ra8 26. Rxd6 a4 27. Bd4 axb3 28. cxb3 Bxd4 29. Nxd4 Ne5 30. Rh3 Nc4 31. Rd5 Na3+ 32. Kb2 Nc4+ 33. Kc3 Na5 34. f4 Rc8+ 35. Kd2 Ra7 36. h5 Nxb3+ 37. Rxb3 1-0

[Event "IECC M email"]
[Site "IECC email"]
[Date "2000.05.15"]
[Round "?"]
[White "Hervas, Fernando"]
[Black "Beninsky, Svejen"]
[Result "0-1"]
[WhiteElo "1640"]
[BlackElo "1641"]
[PlyCount "102"]
[EventDate "2000.??.??"]
[EventType "tourn (corr)"]
[EventRounds "2"]
[SourceTitle "Corr 2008"]
[Source "ChessBase"]
[SourceDate "2008.06.24"]
[SourceVersion "1"]
[SourceVersionDate "2008.06.24"]
[SourceQuality "1"]

1. e4 c5 2. Nf3 d6 3. Bb5+ Bd7 4. Bxd7+ Nxd7 5. 0-0 Ngf6 6. Qe2 g6 7. c3 Bg7 8. d4 Qb6 9. Na3 0-0 10. Bg5 cxd4 11. cxd4 e6 12. Rfc1 Rac8 13. b3 d5 14. Bxf6 Nxf6 15. e5 Ne4 16. Rc2 Rxc2 17. Qxc2 Qa6 18. Qb2 Rc8 19. Re1 Qc6 20. Rf1 Bf8 21. h3 a5 22. Nb1 Qc2 23. Qxc2 Rxc2 24. a4 Rb2 25. Nh2 Rxb3 26. Rd1 Rb4 27. Nf1 Rxa4 28. f3 Rxd4 29. Rxd4 Bc5 30. fxe4 Bxd4+ 31. Kh1 dxe4 32. Ng3 e3 33. Ne2 Bxe5 34. g3 b5 35. Na3 b4 36. Nc4 Bc7 37. Kg2 a4 38. Nd4 h5 39. Kf3 g5 40. g4 hxg4+ 41. hxg4 a3 42. Kxe3 f5 43. Kf3 a2 44. Nb3 Bf4 45. Nb2 Be5 46. Nd3 Bc3 47. Na1 Kf7 48. Nb3 Ke7 49. Ndc1 a1Q 50. Nxa1 Bxa1 51. Nb3 Bc3 0-1